Formas de países europeos - ¡Muerte súbita! - Estadísticas

Estadísticas generales
  • Esta prueba ha sido intentada 44 veces
  • La puntuación promedio es 16 de 20
Answers on the Grid
Answers color-coded by a green-red scale on the quiz's grid according to % correct below.
 
Estadísticas de respuestas
Respuesta % Correcto
Portugal
95%
España
95%
Italia
92%
Noruega
89%
Francia
89%
Islandia
87%
Croacia
87%
Grecia
87%
Reino Unido
84%
Austria
82%
Dinamarca
79%
Irlanda
76%
Finlandia
76%
Alemania
76%
Suiza
74%
Países Bajos
71%
Mónaco
71%
Albania
68%
Malta
63%
Estonia
63%
No se encontraron pruebas coincidentes
Distribución de puntuación
Porcentaje de gente con cada puntuación
Porcentaje por número respondido
Historial de tus puntuaciones
No has intentado esta prueba.